Význam marketingu v kreovaní sociálne žiaduceho správania dizertačná práca
Gespeichert in:
| 1. Verfasser: | |
|---|---|
| Körperschaft: | |
| Weitere Verfasser: | |
| Format: | Buch |
| Sprache: | Slowakisch |
| Veröffentlicht: |
Bratislava
2022
|
| Schlagworte: | |
| Tags: |
Keine Tags, Fügen Sie das erste Tag hinzu!
|
MARC
| LEADER | 00000nbm a2200000 4500 | ||
|---|---|---|---|
| 001 | 0287291 | ||
| 005 | 20230302100418.3 | ||
| 041 | 0 | |a slo | |
| 044 | |a SK | ||
| 245 | 1 | 0 | |a Význam marketingu v kreovaní sociálne žiaduceho správania |b dizertačná práca |c Marek Kukura ; školiteľ: Eva Hanuláková |
| 264 | 1 | |a Bratislava |c 2022 | |
| 300 | |a 162 s. | ||
| 610 | 2 | 0 | |a marketing |
| 610 | 2 | 0 | |a marketing sociálny |
| 610 | 2 | 0 | |a správanie sociálne |
| 610 | 2 | 0 | |a prevencia |
| 610 | 2 | 0 | |a zdravie |
| 100 | 1 | |a Kukura, Marek, 1995- | |
| 700 | 1 | |a Hanuláková, Eva, 1964- | |
| 710 | 2 | |a Obchodná fakulta EU. Katedra marketingu | |